Estatutos / Centro Cultural de Ex Alumnos y Amigos de la Casa Provincial de Caridad
Descripción Física:
21 p. ; 16 cm
MARC
| LEADER | 00000nam a2200000Ia 4500 | ||
|---|---|---|---|
| 001 | 19668 | ||
| 008 | 160829s1953 xx 000 0 cat d | ||
| 080 | |a FU-10-19 | ||
| 110 | 2 | |a Centro Cultural de Ex alumnos y Amigos de la Casa Provincial de Caridad |9 55017 | |
| 245 | |a Estatutos / Centro Cultural de Ex Alumnos y Amigos de la Casa Provincial de Caridad | ||
| 260 | |a Barcelona : |b Casa Provincial de Caridad Imprenta - Escuela, |c 1953 | ||
| 300 | |a 21 p. ; |c 16 cm | ||
| 590 | |a Prové de J-1457 | ||
| 610 | 2 | 0 | |a Centro Cultural de Ex alumnos y Amigos de la Casa Provincial de Caridad |x Estatuts |9 55018 |
| 856 | 4 | |u https://media.diba.cat/diba/fitxers/arxiu/fulletons/bib_19668_1953_baixa.pdf |y Accés lliure | |
| 856 | 4 | |u https://media.diba.cat/diba/fitxers/arxiu/fulletons/bib_19668_1953_baixa.pdf |y Accés lliure | |
| 901 | |a Arxiu | ||
| 942 | |n 1 |2 udc | ||
| 952 | |0 0 |1 0 |4 0 |6 FU1019 |7 1 |9 53827 |a Arxiu |b Arxiu |d 2016-12-01 |l 0 |o FU-10-19 |p 19668 |r 2016-12-01 00:00:00 |w 2016-12-01 |y ARXIU | ||
| 999 | |c 57693 |d 57693 | ||
| 900 | |a bib_19668_1953_baixa.pdf | ||